Chýbajúce systémové zmeny nútia vládu zvyšovať odvody na zdravotné poistenie

Predloženie novely zákona č. 273/1994 Z.z. o zdravotnom poistení vládou SR do parlamentu. Snaha o zvýšenie príjmov zdravotných poisťovní. Zvýšenie poistných sadzieb. Navrhuje sa aj zvýšenie maximálneho vymeriavacieho základu - táto zmena sa dotkne len asi päť perc. poistencov. Snaha o dosiahnutie vy...

Descrizione completa

Salvato in:
Dettagli Bibliografici
Autore principale: Velecký, Milan
Natura: Capitolo di libro
Lingua:slovacco
Soggetti:
Tags: Aggiungi Tag
Nessun Tag, puoi essere il primo ad aggiungerne!!

MARC

LEADER 00000naa a2200000 4500
001 r039845
005 20230921110341.8
041 0 |a slo 
044 |a SK 
245 1 0 |a Chýbajúce systémové zmeny nútia vládu zvyšovať odvody na zdravotné poistenie  |c Milan Velecký 
520 |a Predloženie novely zákona č. 273/1994 Z.z. o zdravotnom poistení vládou SR do parlamentu. Snaha o zvýšenie príjmov zdravotných poisťovní. Zvýšenie poistných sadzieb. Navrhuje sa aj zvýšenie maximálneho vymeriavacieho základu - táto zmena sa dotkne len asi päť perc. poistencov. Snaha o dosiahnutie vyrovnaného hospodárenia fondov zdravotného poistenia. 
610 2 0 |a poistenie zdravotné 
610 2 0 |a zákony 
610 2 0 |a novelizácia 
610 2 0 |a starostlivosť zdravotná 
610 2 0 |a financovanie 
610 2 0 |a odvody 
610 2 0 |a Slovensko 
100 1 |a Velecký, Milan